| 000 | 00592nam a2200217 a 4500 | ||
|---|---|---|---|
| 001 | BRCA_7802 | ||
| 005 | 20190320210013.0 | ||
| 008 | 161013s1957----sz-a######---#000-0#ger-# | ||
| 041 | _ager | ||
| 044 | _asz | ||
| 050 | 4 |
_aN3620 _b.K38 1957 |
|
| 245 | 1 | 0 |
_aKatalog _cOffentliche Kunstsammlung. |
| 260 |
_aBasilea, Suiza _bK. Werner _c1957 |
||
| 300 |
_a1 v. _bil. _c15 cm. |
||
| 500 | _aX76 | ||
| 505 | 0 | _av.1. Die kunst bis 1800 samtliche ausgestellten werke | |
| 610 | 2 | 4 |
_aOffentliche Kunstsammlung (Basilea) _919327 |
| 650 | 1 | 4 |
_aArte _zBasilea _919328 |
| 902 | _aGFM | ||
| 942 |
_2lcc _cB |
||
| 999 |
_c7476 _d7476 |
||